Normal view
MARC view
- Muhammad Zohaib Akram
Entry Personal Name
001 - CONTROL NUMBER
- control field: 83938
003 - CONTROL NUMBER IDENTIFIER
- control field: NUST
005 - DATE AND TIME OF LATEST TRANSACTION
- control field: 20211111172457.0
008 - FIXED-LENGTH DATA ELEMENTS
- fixed length control field: 211111|| aca||aabn | a|a d
040 ## - CATALOGING SOURCE
- Original cataloging agency: NUST
- Transcribing agency: NUST
100 ## - HEADING--PERSONAL NAME
- Personal name: Muhammad Zohaib Akram
670 ## - SOURCE DATA FOUND
- Source citation: Work cat.: (NUST): Muhammad Zohaib Akram, TH-SOF-1932-Development of a Magnetic Micro-Robotic System and Micro Agent’s Motion Control through Visual Feedback, 2021.
